| 000 | 00839nam a2200205 a 4500 | ||
|---|---|---|---|
| 003 | 0 | ||
| 005 | 20250331121847.0 | ||
| 008 | 050809s19uu xx 00 eng d | ||
| 050 |
_aPGS S 633.5.V53.F66 _b.Al445 2005 |
||
| 100 | _aAlmariego, Deandro D. | ||
| 245 |
_aA feasibility of using rotten food as an organic fertilizer for the mongo plant (Vigna radiata) / _cDeandro D. Almariego. |
||
| 260 |
_aLas PiƱas City, Philippines : _bSouthville International School and Colleges, _c2005. |
||
| 300 |
_a25 pages : _billustrations ; _c28 cm. |
||
| 504 | _aIncludes bibliographical references. | ||
| 650 |
_aOrganic fertilizers _vEffect on plants. |
||
| 650 |
_aFood waste _vUtilization in agriculture. |
||
| 650 |
_aVigna radiata _vGrowth and fertilization. |
||
| 650 |
_aPlant-soil relationships _vOrganic matter. |
||
| 942 |
_2lcc _cPASS |
||
| 999 |
_c97336 _d97336 |
||